00381pab a2200133 454500008004000000100001700040245009500057260000900152300001400161362000800175650002600183650001800209773002000227180718b2008 xxu||||| |||| 00| 0 eng d aYu, Wei-hsin aThe psychological cost of market transition: mental health disparities in reform-era China c2008 ap.347-69. aAug aMental health - China aMental health aSocial Problems